1626 1046 1941 1790 1637 1138 1746 1542 1797 1717 1620 1746 1061 1970 1484 1454 1111 1187 1906 1954 1371 1954 1870 1324 1209 1304 1865 1626 1668 1274 1521 1261 1228 1684 1426 1676 1730 1915 1125 1266 1279 1164 1621 1070 1386 1440 1073 1539 1149 1435 1861 1373 1741 1191 1526 1201 1027 1949 1154 1937 1364 1448 1077 1739 1210 1803 1285 1663 1462 1893 1310 1793 1458 1986 1760 1153 1298 1560 1588 1603 1473 1870 1580 1784 1385 1030 1769 1033 1563 1840 1942 1447 1594 1615 1306 1981 1623 1536 1382 BCNSPRNW ULIB Ver.6.0+V

เปลี่ยนเป็นภาษาไทย

Change to English
 แสดงรายละเอียดบรรณานุกรม
  กลับหน้าหลัก

Brief Record : Get Marc (ISO 2709) : E-mail record : QR code < ปิดหน้าต่าง
LEADER : 00000nam 2200000uu 4500
001    13399111897
003     ULIB
008    110711s2550||||th 000 0 tha d
020    9789747700732
050  4 DS586^bส319พ 2550
245 00 พระบรมราโชวาทและกระแสพระราชดำรัสของพระบาทสมเด็จพระเจ้าอยู่หัว ภูมิพลอดุลยเดช /^cกองทุนเงินให้กู้ยืมเพื่อการศึกษา
260    กรุงเทพฯ :^bกองทุนเงินให้กู้ยืมเพื่อการศึกษา,^c2550
300    240 หน้า :^bภาพประกอบสี ;^c19 ซม.
500    เนื่องในโอกาสวันสถาปนากองทุนเงินให้กู้ยืมเพื่อการศึกษาครบรอบ 9 ปี พุทธศักราช 2550
600 07 ภูมิพลอดุลยเดช,^cพระบาทสมเด็จพระปรมินทรมหา,^d2470-^xพระบรมราโชวาท
600 07 ภูมิพลอดุลยเดช,^cพระบาทสมเด็จพระปรมินทรมหา,^d2470-^xพระราชดำรัส
710 2  กองทุนเงินให้กู้ยืมเพื่อการศึกษา
945    ^p0^l0^i023323
945    ^p0^l0^i023324
995    ทศพร
999 ^a ใช้งานได้ทุกระบบ
รายการนี้ยังไม่มีแท็ก
คุณยังไม่ได้ล็อกอิน คุณสามารถมีกิจกรรมร่วมกับเว็บไซต์ได้ แต่ต้องล็อกอินก่อน ::
  ล็อกอิน

รายการสื่อสารสนเทศ

ลำดับที่ ประเภท เลขเรียก/บาร์โค้ด สถานที่ สถานะ
- ไม่พบข้อมูล -

BibComment


ยังไม่เคยถูกคอมเมนท์

คอมเมนท์ทรัพยากรรายการนี้
  คอมเมนท์: พระบรมราโชวาทและก..


 Copyright 2026. Bcnsprnw @Library